Геоархеолог Зайков Виктор Владимирович (Запись № 4751311)
[ простой вид ]
| 000 -МАРКЕР | |
|---|---|
| контрольное поле | 02099nam0a2200385 i 4500 |
| 001 - ИДЕНТИФИКАТОР ЗАПИСИ | |
| контрольное поле | RU\NLR\bibl\2058949 |
| 005 - ИДЕНТИФИКАТОР ВЕРСИИ | |
| контрольное поле | 20260607042725.0 |
| 021 ## - НОМЕР ГОСУДАРСТВЕННОЙ РЕГИСТРАЦИИ | |
| Код страны | Российская Федерация |
| Номер | 2013-51813 |
| Номер Листа государственной регистраци | 3596 |
| 035 ## - ДРУГИЕ СИСТЕМНЫЕ НОМЕРА | |
| Идентификатор записи | (nilc)RuMoRGB-006601691 |
| 035 ## - ДРУГИЕ СИСТЕМНЫЕ НОМЕРА | |
| Идентификатор записи | (NLR Aleph) 002070592 |
| 100 ## - ДАННЫЕ ОБЩЕЙ ОБРАБОТКИ | |
| Данные общей обработки | 20130702d2013 u y0rusy50 ca |
| 101 0# - ЯЗЫК РЕСУРСА | |
| Язык текста, звукозаписи и т.д. | русский |
| 102 ## - СТРАНА ПУБЛИКАЦИИ ИЛИ ПРОИЗВОДСТВА | |
| Страна публикации | Российская Федерация |
| 105 ## - ПОЛЕ КОДИРОВАННЫХ ДАННЫХ: ТЕКСТОВЫЕ МАТЕРИАЛЫ, МОНОГРАФИЧЕСКИЕ | |
| Кодированные данные о монографическом текстовом документе | a ||||||||| |
| 200 1# - ЗАГЛАВИЕ И СВЕДЕНИЯ ОБ ОТВЕТСТВЕННОСТИ | |
| Основное заглавие | Геоархеолог Зайков Виктор Владимирович |
| Сведения, относящиеся к заглавию | библиография ученого |
| Первые сведения об ответственности | М-во образования и науки Рос. Федерации, Южно-Урал. гос. ун-т, Фил. в г. Миассе, Каф. "Геология" |
| Последующие сведения об ответственности | [авт.-сост.: А. М. Юминов и др.] |
| -- | под ред. А. Д. Таирова |
| 210 ## - ПУБЛИКАЦИЯ, РАСПРОСТРАНЕНИЕ И ДР. | |
| Место издания, распространения и т.д. | Челябинск |
| Имя издателя, распространителя и т. д. | Издательский центр ЮУрГУ |
| Дата издания, распространения и т.д. | 2013 |
| 215 ## - ФИЗИЧЕСКАЯ ХАРАКТЕРИСТИКА | |
| Специфическое обозначение материала и объем | 173 с. |
| Другие сведения о физической характеристике | ил., карт. |
| Размеры | 21 |
| 320 ## - ПРИМЕЧАНИЯ О НАЛИЧИИ В ДОКУМЕНТЕ БИБЛИОГРАФИИ / УКАЗАТЕЛЯ | |
| Текст примечания | Библиогр. в тексте |
| 600 #1 - ИМЯ ЛИЦА КАК ПРЕДМЕТ | |
| Начальный элемент ввода | Зайков |
| Часть имени, кроме начального элемента ввода | В.В. |
| Даты | 1938 |
| Расширение инициалов личного имени | Виктор Владимирович |
| Формальный подзаголовок | Библиография |
| Системный номер авторитетной/нормативной записи | 2156041 |
| Идентификатор авторитетной/нормативной записи | RU\NLR\auth\661602646 |
| 606 ## - НАИМЕНОВАНИЕ ТЕМЫ КАК ПРЕДМЕТ | |
| Наименование темы | Археологические памятники |
| Формальный подзаголовок | Библиография |
| Географический подзаголовок | Урал Южный |
| Системный номер авторитетной/нормативной записи | 1020279 |
| Идентификатор авторитетной/нормативной записи | RU\NLR\auth\6672059 |
| 610 0# - НЕКОНТРОЛИРУЕМЫЕ ПРЕДМЕТНЫЕ ТЕРМИНЫ | |
| Предметный термин | древние рудники |
| 686 ## - ИНДЕКСЫ ДРУГИХ КЛАССИФИКАЦИЙ | |
| Индекс | Д3д(2)Зайков |
| 686 ## - ИНДЕКСЫ ДРУГИХ КЛАССИФИКАЦИЙ | |
| Индекс | Т4(2Р36)я1 |
| 702 #1 - ИМЯ ЛИЦА - ВТОРИЧНАЯ ОТВЕТСТВЕННОСТЬ | |
| Начальный элемент ввода | Таиров |
| Часть имени, кроме начального элемента ввода | А. Д. |
| Даты | 1955- |
| Расширение инициалов личного имени | Александр Дмитриевич |
| Код отношения | Редактор |
| 702 #1 - ИМЯ ЛИЦА - ВТОРИЧНАЯ ОТВЕТСТВЕННОСТЬ | |
| Начальный элемент ввода | Юминов |
| Часть имени, кроме начального элемента ввода | А. М. |
| Расширение инициалов личного имени | Анатолий Михайлович |
| Код отношения | Редактор |
| 702 #1 - ИМЯ ЛИЦА - ВТОРИЧНАЯ ОТВЕТСТВЕННОСТЬ | |
| Код отношения | Прочие |
| Материалы, к которым относится поле | rus |
| Графика поля | Кириллица |
| Начальный элемент ввода | Зайков |
| Часть имени, кроме начального элемента ввода | В. В. |
| Даты | 1938- |
| Расширение инициалов личного имени | Виктор Владимирович |
| Идентификатор авторитетной/нормативной записи | RU\NLR\auth\7721074 |
| Системный номер авторитетной/нормативной записи | 4140 |
| 712 02 - НАИМЕНОВАНИЕ ОРГАНИЗАЦИИ - ВТОРИЧНАЯ ОТВЕТСТВЕННОСТЬ | |
| Код отношения | Прочие |
| Начальный элемент ввода | Южно-Уральский государственный университет |
| Структурное подразделение | Филиал |
| -- | Кафедра "Геология" |
| Идентифицирующий признак | Челябинск |
| -- | Миасс |
| Системный номер авторитетной/нормативной записи | 374249 |
| Идентификатор авторитетной/нормативной записи | RU\NLR\AUTH\8810244208 |
| 801 #0 - ИСТОЧНИК ЗАПИСИ | |
| Страна | Российская Федерация |
| Организация | RuMoRKP |
| Дата составления | 20130702 |
| Правила каталогизации | RCR |
| 801 #2 - ИСТОЧНИК ЗАПИСИ | |
| Страна | Российская Федерация |
| Организация | РГБ |
| Дата составления | 20130718 |
| Правила каталогизации | rcr |
| 801 #1 - ИСТОЧНИК ЗАПИСИ | |
| Страна | Российская Федерация |
| Организация | RuMoRKP |
| Дата составления | 20130702 |
| Источник данных | rusmarc |
| 801 #2 - ИСТОЧНИК ЗАПИСИ | |
| Страна | Российская Федерация |
| Организация | NLR |
| Дата составления | 20130801 |
| Правила каталогизации | rcr |
| 942 ## - ДОПОЛНИТЕЛЬНЫЕ ЭЛЕМЕНТЫ ЗАПИСИ (АБИС) | |
| Тип экземпляра АБИС | Книга |
| 980 ## - КОЛЛЕКЦИЯ | |
| Название коллекции | НБР |
Нет доступных экземпляров.